Академик С.А. Христианович (Запись № 353596)

Подробности
000 -МАРКЕР
контрольное поле 01910nam0a2200337 4500
001 - ИДЕНТИФИКАТОР ЗАПИСИ
контрольное поле RU\NLR\bibl\1270889
005 - ИДЕНТИФИКАТОР ВЕРСИИ
контрольное поле 20260406045532.0
010 ## - МЕЖДУНАРОДНЫЙ СТАНДАРТНЫЙ НОМЕР КНИГИ (ISBN)
Номер (ISBN) 978-5-02-036643-5
Тираж 1000
021 ## - НОМЕР ГОСУДАРСТВЕННОЙ РЕГИСТРАЦИИ
Код страны Российская Федерация
Номер 2008-55111
Номер Листа государственной регистраци 3056
035 ## - ДРУГИЕ СИСТЕМНЫЕ НОМЕРА
Идентификатор записи (NLR Aleph) 001256761
100 ## - ДАННЫЕ ОБЩЕЙ ОБРАБОТКИ
Данные общей обработки 20080909d2008 |||y0rusy50 ca
101 0# - ЯЗЫК РЕСУРСА
Язык текста, звукозаписи и т.д. русский
102 ## - СТРАНА ПУБЛИКАЦИИ ИЛИ ПРОИЗВОДСТВА
Страна публикации Российская Федерация
105 ## - ПОЛЕ КОДИРОВАННЫХ ДАННЫХ: ТЕКСТОВЫЕ МАТЕРИАЛЫ, МОНОГРАФИЧЕСКИЕ
Кодированные данные о монографическом текстовом документе ac |||||||||
200 1# - ЗАГЛАВИЕ И СВЕДЕНИЯ ОБ ОТВЕТСТВЕННОСТИ
Основное заглавие Академик С.А. Христианович
Сведения, относящиеся к заглавию [100-летию со дня рождения академика С.А. Христиановича посвящается]
Первые сведения об ответственности Центр. аэрогидродинам. ин-т им. проф. Н.Е. Жуковского
Последующие сведения об ответственности [ред.-сост. акад. Г.С. Бюшгенс]
210 ## - ПУБЛИКАЦИЯ, РАСПРОСТРАНЕНИЕ И ДР.
Место издания, распространения и т.д. Москва
Имя издателя, распространителя и т. д. Наука
Дата издания, распространения и т.д. 2008
215 ## - ФИЗИЧЕСКАЯ ХАРАКТЕРИСТИКА
Специфическое обозначение материала и объем 438, [1] с.
Другие сведения о физической характеристике ил., цв. ил., портр.
Размеры 25
225 1# - СЕРИЯ
Основное заглавие серии Выдающиеся ученые-механики ЦАГИ
320 ## - ПРИМЕЧАНИЯ О НАЛИЧИИ В ДОКУМЕНТЕ БИБЛИОГРАФИИ / УКАЗАТЕЛЯ
Текст примечания Труды академика С.А. Христиановича в области газовой динамики (1938-1951 гг.): с. 121-122 (18 назв.)
600 #1 - ИМЯ ЛИЦА КАК ПРЕДМЕТ
Начальный элемент ввода Христианович
Часть имени, кроме начального элемента ввода С. А.
Даты 1908 - 2000
Расширение инициалов личного имени Сергей Алексеевич
Системный номер авторитетной/нормативной записи 2315178
Идентификатор авторитетной/нормативной записи RU\NLR\auth\661385360
686 ## - ИНДЕКСЫ ДРУГИХ КЛАССИФИКАЦИЙ
Индекс В2д(2)Христианович
702 #1 - ИМЯ ЛИЦА - ВТОРИЧНАЯ ОТВЕТСТВЕННОСТЬ
Код отношения Прочие
Материалы, к которым относится поле rus
Графика поля Кириллица
Начальный элемент ввода Христианович
Часть имени, кроме начального элемента ввода С. А.
Даты 1908-2000
Расширение инициалов личного имени Сергей Алексеевич
Идентификатор авторитетной/нормативной записи RU\NLR\AUTH\77112405
Системный номер авторитетной/нормативной записи 95330
702 #1 - ИМЯ ЛИЦА - ВТОРИЧНАЯ ОТВЕТСТВЕННОСТЬ
Код отношения Составитель
Материалы, к которым относится поле rus
Графика поля Кириллица
Начальный элемент ввода Бюшгенс
Часть имени, кроме начального элемента ввода Г. С.
Даты 1916-2013
Расширение инициалов личного имени Георгий Сергеевич
Идентификатор авторитетной/нормативной записи RU\NLR\auth\775202
Системный номер авторитетной/нормативной записи 115170
712 02 - НАИМЕНОВАНИЕ ОРГАНИЗАЦИИ - ВТОРИЧНАЯ ОТВЕТСТВЕННОСТЬ
Код отношения Прочие
Начальный элемент ввода Центральный аэрогидродинамический институт им. Н. Е. Жуковского
Идентифицирующий признак Москва
Системный номер авторитетной/нормативной записи 347375
Идентификатор авторитетной/нормативной записи RU\NLR\AUTH\889925784
801 #0 - ИСТОЧНИК ЗАПИСИ
Страна Российская Федерация
Организация NLR
Дата составления 20080909
Правила каталогизации RCR
801 #1 - ИСТОЧНИК ЗАПИСИ
Страна Российская Федерация
Организация NLR
Дата составления 20080909
942 ## - ДОПОЛНИТЕЛЬНЫЕ ЭЛЕМЕНТЫ ЗАПИСИ (АБИС)
Тип экземпляра АБИС Книга
980 ## - КОЛЛЕКЦИЯ
Название коллекции Национальная библиография
Экземпляры
Тип экземпляра Дата поступления Источник поступления Библиотека постоянного хранения Библиотека текущего хранения Место хранения Шифр хранения Штрих-код Статус экземпляра
Книга 09.09.2008 Обязательный экземпляр РНБ (Московский) РНБ (Московский) Русский книжный фонд: издания с 1957 года 2008-7/5317 2749701  
Книга 09.09.2008 Обязательный экземпляр РНБ (Московский) РНБ (Московский) Русский книжный фонд: издания с 1957 года 2008-7/5317 2749702